Introduction to industrial/organizational psychology / Ronald E. Riggio, Stefanie K. Johnson. (Record no. 22180)

000 -LEADER
fixed length control field 01883nam a22001937a 4500
020 ## - INTERNATIONAL STANDARD BOOK NUMBER
ISBN 9780367699468
082 ## - DEWEY DECIMAL CLASSIFICATION NUMBER
Classification number 158.7
Item number R569 2022
100 ## - MAIN ENTRY--AUTHOR NAME
Personal name Riggio, Ronald E., author.
245 ## - TITLE STATEMENT
Title Introduction to industrial/organizational psychology / Ronald E. Riggio, Stefanie K. Johnson.
250 ## - EDITION STATEMENT
Edition statement Eighth edition.
260 ## - PUBLICATION, DISTRIBUTION, ETC. (IMPRINT)
Place of publication Abingdon, Oxon ; New York, NY :
Name of publisher Routledge ;
Year of publication ©2022.
300 ## - PHYSICAL DESCRIPTION
Number of Pages 1 online resource, xiv, [565] pages ;
Other physical details illustrations.
500 ## - GENERAL NOTE
General note Includes bibliographical references and index.
520 ## - SUMMARY, ETC.
Summary, etc Introduction to Industrial/Organizational Psychology provides a complete overview of the psychological study of the world of work. Written with the student in mind, the book presents classic theory and research in the field alongside examples from real-work work situations to provide deeper insight. This edition has been thoroughly updated to include the latest research on each key topic, and now features: A spotlight on Diversity, Equity, and Inclusion throughout, including coverage of LGBTQIA+ inclusion and racial justice Expanded coverage of ethics in I/O psychology practice Increased emphasis on cross-cultural and international issues Coverage of the changing nature of work, post-pandemic, including remote working, worker stress, and burnout A new focus on technologies related to I/O such as virtual reality and computer adaptive testing New figures, illustrations, and charts to grab the reader's attention and facilitate learning Accompanied by extensive student and instructor resources, it is a must read for all students in I/O Psychology courses, courses in work psychology and organizational behavior, and for practicing managers who want a comprehensive overview of the psychology of work
650 ## - SUBJECT ADDED ENTRY--TOPICAL TERM
Topical Term Psychology, Industrial.
650 ## - SUBJECT ADDED ENTRY--TOPICAL TERM
Topical Term Organizational change.
700 ## - ADDED ENTRY--PERSONAL NAME
Personal name Johnson, Stefanie K., author
942 ## - ADDED ENTRY ELEMENTS (KOHA)
Koha item type Electronic Books
Holdings
Source of acquisition Permanent Location Date acquired Collection code Koha item type Lost status Shelving location Withdrawn status Current Location Full call number
DonationsCagayan State University - Carig Library2026-04-15E-BooksElectronic Books E-Resource Section Cagayan State University - Carig Library158.7 R569

Cagayan State University University Library, Carig Campus
Tuguegarao City, Cagayan 3500 | www.csucarig.edu.ph

Powered by Koha